|
|
|
|
| LEADER |
00000cam a2200000 a 4500 |
| 001 |
vtls001129958 |
| 003 |
SK-MaSNL |
| 005 |
20260301111713.0 |
| 008 |
250414s1989 fr 0 fre |
| 020 |
|
|
|a 2020108798
|
| 035 |
|
|
|a SNK000072808
|
| 040 |
|
|
|a SNK
|b slo
|c SNK
|e AACR2
|
| 041 |
0 |
|
|a fre
|
| 044 |
|
|
|a fr
|c FR
|
| 080 |
|
|
|a 944
|2 1981
|
| 245 |
0 |
0 |
|a Histoire de France
|c Sous la direction de J. Carpentier,... ; Préface de Jacques Le Goff
|
| 260 |
|
|
|a [Paris]
|b ditions du Seuil
|c 1989
|
| 300 |
|
|
|a 488, [25] s.
|c 18 cm!
|
| 490 |
0 |
|
|a Points : Histoire
|v 125
|
| 700 |
1 |
|
|a Carpentier,..., J.
|4 aut
|9 451308
|
| 700 |
1 |
|
|a Le Goff, Jacques,
|d 1924-2014
|4 aut
|9 230072
|
| 852 |
|
|
|a Slovenská národná knižnica
|
| 919 |
|
|
|a 2-02-010879-8
|
| 954 |
|
|
|a Francúzsko
|
| 958 |
|
|
|a OND
|
| 999 |
|
|
|c 708024
|d 709954
|
| 952 |
|
|
|t P60, <04>, [BOOK], {604}
|a SNK
|b SNK
|y VYP
|7 0
|p 17A0454400
|o snkID 92273
|i snkZK 3209/91
|0 0
|1 0
|4 0
|d 1997-03-06
|l 0
|r 2005-01-01 00:00:00
|w 2026-02-23
|